Entry Personal Name
Number of records used in: 1
001 - CONTROL NUMBER
003 - CONTROL NUMBER IDENTIFIER
005 - DATE AND TIME OF LATEST TRANSACTION
- control field:
20250530154332.0
008 - FIXED-LENGTH DATA ELEMENTS
- fixed length control field:
970116n| azannaabn |n aaa
010 ## - LIBRARY OF CONGRESS CONTROL NUMBER
- LC control number:
n 97005242
016 ## - NATIONAL BIBLIOGRAPHIC AGENCY CONTROL NUMBER
- Record control number:
1045A8246E
035 ## - SYSTEM CONTROL NUMBER
- System control number:
(OCoLC)oca04249873
040 ## - CATALOGING SOURCE
- Original cataloging agency:
DLC
- Language of cataloging:
eng
- Description conventions:
rda
- Transcribing agency:
DLC
- Modifying agency:
PSt
- Modifying agency:
CaOONL
042 ## - AUTHENTICATION CODE
100 1# - HEADING--PERSONAL NAME
- Personal name:
Wild, John J.
372 ## - FIELD OF ACTIVITY
- Field of activity:
Accounting
- Source of term:
lcsh
373 ## - ASSOCIATED GROUP
- Associated group:
University of Wisconsin--Madison
- Source of term:
naf
374 ## - OCCUPATION
- Occupation:
College teachers
- Source of term:
lcsh
375 ## - GENDER
377 ## - ASSOCIATED LANGUAGE
670 ## - SOURCE DATA FOUND
- Source citation:
Financial statement analysis, 1997:
- Information found:
CIP title page (John J. Wild) publisher information (professor, business, Univ. of Wisconsin at Madison)
670 ## - SOURCE DATA FOUND
- Source citation:
Wild, John J. Financial and managerial accounting, c2016:
- Information found:
title page (John J. Wild, University of Wisconsin at Madison) page iv (distinguished professor of accounting)